000 00424nam a2200157Ia 4500
003 SGT
020 _a9788188458585
082 _a5.133
_bJHA
100 _aJha,S.K
245 _aFundamental of computer programming in c
260 _bS.K. Kataria & SONS
_aN.Delhi
_c2010
300 _a490p.
650 _aCOMPUTER SCIENCE
653 _aCOMPUTER SYSTEMS AND OPERATING SYSTEMS , INPUT / OUT PUT DEVICES
942 _2ddc
_cBK
_020
999 _c4918
_d4918